00395 2200145 4500001002100000005001500021035002000036245005000056100002100106300003500127260004700162082000800209084001400217020001800231INLIS00000000000012720220606072104 a0010-06220000171 aOleh-oleh dari Jawa Barat /cJulie Andah Rini0 aJulie Andah Rini aiv + 76 hlm. :bilus ;c25 cm. aJakarta :bMulti Kreasi Satudelapan,c2010 a641 a641 JUL o a9789790730922